[Event "Christmas special"]
[Site "SchemingMind.com"]
[Date "2018.01.14"]
[Round "-"]
[White "Phillip Beckett"]
[Black "Black Knight"]
[Result "1/2-1/2"]
[WhiteCountry "ENG"]
[BlackCountry "USA"]
[WhiteElo "1564"]
[WhiteRD "49"]
[BlackElo "1304"]
[BlackRD "47"]
[GameID "423257"]

1. d4 Nf6 2. c4 d6 3. Nc3 e5 4. dxe5 dxe5 5. Qxd8+ Kxd8 6. Bg5 Be7 7. O-O-O+ Bd7 8. Bxf6 Bxf6 9. Nd5 Nc6 10. e3 Ne7
11. Nxf6 gxf6 12. Nf3 Ke8 13. c5 c6 14. Bc4 Rd8 15. Nd2 Be6 16. Bxe6 fxe6 17. Ne4 Kf7 18. Nd6+ Kg6 19. h4 Nf5 20. Nxb7 Rxd1+
21. Kxd1 Rb8 22. h5+ Kg7 23. Nd6 Rd8 24. Kc2 Nxd6 25. cxd6 Rxd6 26. Rd1 Rd5 27. Rxd5 exd5 28. g4 Kh6 29. f3 Kg5 30. Kc3 c5
31. b3 a5 32. a3 Kh4 33. b4 axb4+ 34. axb4 cxb4+ 35. Kxb4 Kg3 36. Kc5 Kxf3 37. Kxd5 Kxe3 38. Ke6 Kf4 39. Kxf6 Kxg4 40. Kxe5 Kxh5
41. Kf5 h6 42. Kf4 Kh4 43. Kf3 Kh3 44. Kf2= h5 45. Kg1 Kg3 46. Kh1 Kg4 47. Kh2 h4 48. Kh1 h3=
1/2-1/2

[Event "Christmas special"]
[Site "SchemingMind.com"]
[Date "2018.01.14"]
[Round "-"]
[White "Black Knight"]
[Black "Scooter"]
[Result "0-1"]
[WhiteCountry "USA"]
[BlackCountry "USA"]
[WhiteElo "1304"]
[WhiteRD "47"]
[BlackElo "1671"]
[BlackRD "51"]
[GameID "423258"]

1. Nf3 Nf6 2. g3 g6 3. Bg2 Bg7 4. d4 O-O 5. O-O d5 6. Nc3 c6 7. Bf4 Bg4 8. Bxb8 Rxb8 9. e3 Re8 10. Ne2 Nd7
11. Nf4 e5 12. Ne2 e4 13. Ne5 Bxe2 14. Qxe2 Nxe5 15. dxe5 Bxe5 16. c3 Qe7 17. Rfe1 Qc5 18. f4 Bc7 19. Rac1 f5 20. Bf1 Bb6
21. b4 Qd6 22. a4 a5 23. Rb1 axb4 24. Rxb4 Ba5 25. Rb3 Qc5 26. Rc1 Bb6 27. Re1 Ra8 28. Ra1 Ra7 29. Qc2 Qxe3+ 30. Kg2 g5
31. Qf2 Qxf2+ 32. Kh1 Qg1#
0-1

[Event "Christmas special"]
[Site "SchemingMind.com"]
[Date "2018.01.14"]
[Round "-"]
[White "private napoleon"]
[Black "Black Knight"]
[Result "1-0"]
[WhiteCountry "ENG"]
[BlackCountry "USA"]
[WhiteElo "1783"]
[WhiteRD "90"]
[BlackElo "1304"]
[BlackRD "47"]
[GameID "423259"]

1. e4 e5 2. Nc3 Nf6 3. f4 d6 4. Nf3 Bg4 5. Bc4 Nbd7 6. O-O Nc5 7. d3 a6 8. Be3 Be7 9. Bxc5 dxc5 10. fxe5 Nd7
11. Bxf7+ Kxf7 12. Ng5+ Ke8 13. Qxg4 Nxe5 14. Qe6 Qd7 15. Qxe5 Qd4+ 16. Qxd4 Bf6 17. Qd5 Rd8 18. Qf7#
1-0

[Event "Christmas special"]
[Site "SchemingMind.com"]
[Date "2018.01.15"]
[Round "-"]
[White "ray winteringham"]
[Black "Black Knight"]
[Result "1-0"]
[WhiteCountry "ENG"]
[BlackCountry "USA"]
[WhiteElo "1481"]
[WhiteRD "50"]
[BlackElo "1304"]
[BlackRD "47"]
[GameID "423260"]

1. e4 e5 2. Nf3 Nc6 3. Be2 Nf6 4. d3 Bc5 5. O-O O-O 6. Be3 Bxe3 7. fxe3 d6 8. c4 a6 9. a3 Bg4 10. h3 Bxf3
11. Bxf3 Qe7 12. Nc3 b6 13. b4 a5 14. Nb5 axb4 15. axb4 Rxa1 16. Qxa1 Nxb4 17. d4 Nc2 18. Qc3 Nxe3 19. Qxe3 c6 20. Nc3 Ra8
21. Rb1 Nd7 22. d5 Ra3 23. dxc6 Nc5 24. Rxb6 Qc7 25. Rb1 Na4 26. Rb7 Qc8 27. Qa7 Ra1+ 28. Kh2 h6 29. Rb8 Nb6 30. Rxc8+ Nxc8
31. Qxa1
1-0

[Event "Christmas special"]
[Site "SchemingMind.com"]
[Date "2018.01.14"]
[Round "-"]
[White "Black Knight"]
[Black "Chessibelle"]
[Result "1-0"]
[WhiteCountry "USA"]
[BlackCountry "ENG"]
[WhiteElo "1304"]
[WhiteRD "47"]
[BlackElo "1069"]
[BlackRD "60"]
[GameID "423261"]

1. Nf3 d6 2. g3 Nf6 3. Bg2 g6 4. d4 Nc6 5. Bg5 Bg7 6. Bxf6 Bxf6 7. e3 O-O 8. O-O a6 9. Nc3 Re8 10. Nd5 Bg7
11. Re1 Be6 12. e4 f5 13. exf5 Bxf5 14. c3 b5 15. b4 Qd7 16. Nf4 Bh6 17. Bh3 Bxh3 18. Nxh3 Qxh3 19. Kh1 Qd7 20. d5 Nd8=
21. Nd4 Rf8 22. Re2 Nf7 23. Qf1 Ng5 24. f4 Nh3 25. Ne6 Rf5 26. Qxh3 Rh5 27. Qg4 c6 28. Qf3 Qb7 29. dxc6 Qb8 30. c7 Qe8
31. g4 Rh4 32. g5 Bg7 33. Nd8 Rc8 34. Qb7 Qd7 35. Rxe7 Qxe7 36. Qxc8 Qe4+ 37. Kg1 Rg4+ 38. Qxg4 Qe3+ 39. Kh1 Bxc3 40. Rg1 Bd4
41. Qe6+ Qxe6 42. Nxe6
1-0

[Event "Christmas special"]
[Site "SchemingMind.com"]
[Date "2018.01.15"]
[Round "-"]
[White "Wojtek26"]
[Black "Black Knight"]
[Result "1-0"]
[WhiteCountry "POL"]
[BlackCountry "USA"]
[WhiteElo "1426"]
[WhiteRD "54"]
[BlackElo "1295"]
[BlackRD "53"]
[GameID "423262"]

1. d4 Nf6 2. e3 d6 3. Nf3 Bg4 4. Nbd2 e5 5. h3 Bxf3 6. Nxf3 e4 7. Nd2 d5 8. Be2 Bb4 9. a3 Bxd2+ 10. Bxd2 O-O
11. O-O Nc6 12. c4 b6 13. b4 Ne7 14. Qc2 dxc4 15. Bxc4 Nfd5 16. Bxd5 Qxd5 17. Rac1 Rac8 18. Qc4 Qxc4 19. Rxc4 b5 20. Rc5 c6
21. Rfc1 Rc7 22. f4 Rfc8 23. g3 Nd5 24. Kf2 f5 25. h4 h5 26. Ra1 Nb6 27. Rcc1 Nc4 28. Ke2 Nxd2 29. Kxd2 Rd7 30. Rc5 Rd5
31. Rac1 g6 32. Rxc6
1-0

[Event "Christmas special"]
[Site "SchemingMind.com"]
[Date "2018.01.19"]
[Round "-"]
[White "TheHornedReaper "]
[Black "Black Knight"]
[Result "1-0"]
[WhiteCountry "ROU"]
[BlackCountry "USA"]
[WhiteElo "1554"]
[WhiteRD "82"]
[BlackElo "1307"]
[BlackRD "55"]
[GameID "423263"]

1. e4 e5 2. Nf3 Nc6 3. Bb5 d6 4. d4 Ne7 5. d5 a6 6. dxc6 Nxc6 7. Ba4 b5 8. Bb3 Bg4 9. O-O Be7 10. Re1 O-O
11. c3 a5 12. Bc2 a4 13. a3 Bxf3 14. Qxf3 Qd7 15. Nd2 Bg5 16. Nf1 Bxc1 17. Raxc1 Ne7 18. Rcd1 Ng6 19. Ng3 Nf4 20. Nf5 Qe6
21. g3 Nh3+ 22. Kg2 Ng5 23. Qg4 h6 24. h4 Nh7 25. Qxg7#
1-0

[Event "Christmas special"]
[Site "SchemingMind.com"]
[Date "2018.01.15"]
[Round "-"]
[White "Stephen Woodhouse"]
[Black "Black Knight"]
[Result "1-0"]
[WhiteCountry "ENG"]
[BlackCountry "USA"]
[WhiteElo "1821"]
[WhiteRD "63"]
[BlackElo "1304"]
[BlackRD "47"]
[GameID "423264"]

1. e4 c5 2. c3 Nc6 3. d4 e6 4. d5 exd5 5. exd5 Qe7+ 6. Be2 Nf6 7. dxc6 bxc6 8. Nf3 g6 9. O-O Bg7 10. Bg5 O-O
11. Nbd2 d5 12. Re1 Qd7 13. Ne5 Qf5 14. Ndf3 Ne4 15. Nxc6 Re8 16. Ne7+ Rxe7 17. Bxe7 f6 18. Bd3 Qe6 19. Bxc5 Qc6 20. Bd4 Bg4
21. h3 Bxf3 22. Qxf3 Nd2 23. Qe2
1-0

[Event "Christmas special"]
[Site "SchemingMind.com"]
[Date "2018.01.14"]
[Round "-"]
[White "Black Knight"]
[Black "Keithk"]
[Result "0-1"]
[WhiteCountry "USA"]
[BlackCountry "ENG"]
[WhiteElo "1304"]
[WhiteRD "47"]
[BlackElo "1996"]
[BlackRD "109"]
[GameID "423265"]

1. Nf3 Nf6 2. d4 e6 3. Nc3 d5 4. Bg5 Be7 5. Bxf6 Bxf6 6. e4 O-O 7. e5 Be7 8. Bd3 c5 9. O-O c4 10. Be2 Nc6
11. a3 b5 12. Nxb5 Rb8 13. Nc3 Rxb2 14. Na4 Rb7 15. Nc5 Bxc5 16. dxc5 Qe7 17. c3 Qxc5 18. Rb1 Qxa3 19. Nd4 Rxb1 20. Qxb1 Nxe5
21. Rc1 Nd3 22. Nb5 Qxc1+ 23. Qxc1 Nxc1
0-1

[Event "Christmas special"]
[Site "SchemingMind.com"]
[Date "2018.01.15"]
[Round "-"]
[White "Black Knight"]
[Black "JimM"]
[Result "0-1"]
[WhiteCountry "USA"]
[BlackCountry "USA"]
[WhiteElo "1304"]
[WhiteRD "47"]
[BlackElo "1644"]
[BlackRD "90"]
[GameID "423325"]

1. e4 c5 2. Nf3 e6 3. d4 cxd4 4. Nxd4 Nc6 5. Nxc6 bxc6 6. Nc3 d5 7. Be2 Bd6 8. O-O Qc7 9. g3 e5 10. exd5 Nf6
11. dxc6 Bh3 12. Re1 a6 13. Bf1 Bg4 14. Be2 Bxe2 15. Rxe2 Qxc6 16. Bg5 Nd7 17. Nd5 O-O 18. b3 Rac8 19. c4 Kh8 20. Be7 Rfe8
21. Bxd6 Qxd6 22. Rc1 Nf6 23. f3 Nxd5 24. Qxd5 Qxd5
0-1

[Event "Christmas special"]
[Site "SchemingMind.com"]
[Date "2018.01.15"]
[Round "-"]
[White "JimM"]
[Black "private napoleon"]
[Result "1-0"]
[WhiteCountry "USA"]
[BlackCountry "ENG"]
[WhiteElo "1679"]
[WhiteRD "89"]
[BlackElo "1761"]
[BlackRD "87"]
[GameID "423326"]

1. e4 c5 2. c3 g6 3. d4 Bg7 4. Nf3 cxd4 5. cxd4 d5 6. e5 e6 7. Bb5+ Nd7 8. Bd2 Ne7 9. Bg5 O-O 10. O-O a6
11. Ba4 b5 12. Bc2 Bb7 13. Nbd2 Re8 14. Nb3 Qc7 15. Rc1 Nf5 16. Bxf5 Qb6 17. Bg4 h6 18. Be3 Rac8 19. Nc5 Nxc5 20. dxc5 Qc7
21. Qd4 Bc6 22. Qd2 Kh7 23. Bd4 Qa7 24. b4 Qb7 25. Qd3 Rh8 26. h4 Kg8 27. h5 g5 28. Nh2 Qc7 29. Rce1 a5 30. a3 axb4
31. axb4 Ra8 32. f4 gxf4 33. Rxf4 Qa7 34. Ref1 Rf8 35. Qf3 Qd7 36. Bh3
1-0

[Event "Christmas special"]
[Site "SchemingMind.com"]
[Date "2018.01.16"]
[Round "-"]
[White "JimM"]
[Black "Mitch The Man"]
[Result "1-0"]
[WhiteCountry "USA"]
[BlackCountry "USA"]
[WhiteElo "1652"]
[WhiteRD "85"]
[BlackElo "1307"]
[BlackRD "58"]
[GameID "423327"]

1. e4 e5 2. Nf3 Bd6 3. c3 Nc6 4. d4 h6 5. Bc4 Nf6 6. dxe5 Nxe5 7. Nxe5 Bxe5 8. f4 Bxf4 9. Bxf4 O-O 10. e5 Re8
11. O-O Nh7 12. Qg4 g5 13. Be3 d5 14. Qf3 Be6 15. Bb5 c6 16. Bd3 Qd7 17. Nd2 Qe7 18. Rf2 Kg7 19. Raf1 b5 20. Re1 a6
21. Nf1 a5 22. Ng3 Rh8 23. Ref1
1-0

[Event "Christmas special"]
[Site "SchemingMind.com"]
[Date "2018.01.15"]
[Round "-"]
[White "JimM"]
[Black "Kenny Elliott"]
[Result "1-0"]
[WhiteCountry "USA"]
[BlackCountry "USA"]
[WhiteElo "1720"]
[WhiteRD "85"]
[BlackElo "1543"]
[BlackRD "71"]
[GameID "423328"]

1. e4 c5 2. Nf3 d6 3. d4 cxd4 4. Nxd4 e5 5. Bb5+ Bd7 6. Bxd7+ Nxd7 7. Nf5 Nc5 8. Nc3 g6 9. Ng3 Bg7 10. O-O Nf6
11. Bg5 O-O 12. Nd5 h6 13. Nxf6+ Bxf6 14. Bxh6 Bg7 15. Be3 Qb6 16. Rb1 Qc6 17. Qf3 a5 18. Rfc1 b5 19. Bg5 Ne6 20. Be7 Rfe8
21. Bf6 Bh6 22. Rd1 Nd4 23. Qd3 Nxc2 24. Qxd6 Qxd6 25. Rxd6 Bf4 26. Ne2 Bh6 27. Nc3 Nd4 28. Rd5 b4 29. Nd1 Nc6 30. f3 Re6
31. Bh4 f6 32. Nf2 Be3 33. Kf1 Ne7 34. Rd7 Kf7 35. Ng4 g5 36. Bg3 Ke8 37. Rd3 Bd4 38. Ne3 a4 39. Nc2 Nc6 40. Nxd4 Nxd4
41. a3 b3 42. Rc1 Nc2 43. h4 gxh4 44. Bxh4 Rc8 45. Rcd1 Nd4 46. Bf2 Nc2 47. Rd7 Re7 48. R7d6 Kf7 49. Ra6 Rc4 50. Rdd6 Nd4
51. Rxf6+ Ke8 52. Rfd6 Rec7 53. Bh4 Rc1+ 54. Kf2 R1c2+ 55. Kg3 Rg7+ 56. Kh3 Rxb2 57. Bf6 Rh7+ 58. Bh4 Rxh4+ 59. Kxh4 Rxg2 60. Rdb6 Nxf3+
61. Kh3 Rg7 62. Ra8+ Kf7 63. Ra7+ Kg8 64. Rxg7+ Kxg7 65. Kg4 Nd2 66. Kf5 Kf7 67. Kxe5 Ke7 68. Kd5 Kd7 69. e5 Kc7 70. Kc5 Kd7
71. Rd6+
1-0

[Event "Christmas special"]
[Site "SchemingMind.com"]
[Date "2018.01.14"]
[Round "-"]
[White "Phillip Beckett"]
[Black "JimM"]
[Result "0-1"]
[WhiteCountry "ENG"]
[BlackCountry "USA"]
[WhiteElo "1550"]
[WhiteRD "52"]
[BlackElo "1652"]
[BlackRD "85"]
[GameID "423329"]

1. d4 Nf6 2. c4 g6 3. Nc3 Bg7 4. e4 d6 5. f3 O-O 6. Be3 e5 7. d5 c6 8. Qd2 cxd5 9. cxd5 a6 10. Bd3 Nbd7
11. h4 Nc5 12. Bc2 b5 13. h5 Nxh5 14. Nge2 Bb7 15. O-O-O b4 16. Nb1 Rb8 17. Bh6 a5 18. Bxg7 Kxg7 19. g4 Nf6 20. Qh6+ Kh8
21. Ng3 Rg8 22. g5 Nh5 23. Nxh5 gxh5 24. Rxh5 Rg7 25. Rdh1 Qg8 26. Qf6 Nd7 27. Rxh7+ Qxh7 28. Rxh7+ Kxh7 29. Qh6+ Kg8 30. Nd2 Rg6
31. Qh3 Nc5 32. Nc4 Kg7 33. Qg3 Ba6 34. b3 Bxc4 35. bxc4 f6 36. gxf6+ Kxf6 37. Qh4+ Kg7 38. Qe7+ Kg8 39. Qc7 Rf8 40. Kb2 Rxf3
41. Qd8+ Kg7 42. Qe7+ Kg8 43. Qe8+ Kg7 44. Qe7+ Rf7 45. Qh4 a4 46. Qe1 Rb7 47. Qd1 b3 48. axb3 axb3 49. Bd3 Nxd3+ 50. Qxd3 Rg2+
51. Ka3 Ra2#
0-1

[Event "Christmas special"]
[Site "SchemingMind.com"]
[Date "2018.01.15"]
[Round "-"]
[White "JimM"]
[Black "Scooter"]
[Result "0-1"]
[WhiteCountry "USA"]
[BlackCountry "USA"]
[WhiteElo "1652"]
[WhiteRD "85"]
[BlackElo "1656"]
[BlackRD "56"]
[GameID "423330"]

1. e4 c6 2. d4 d5 3. Nc3 dxe4 4. Nxe4 Bf5 5. Ng3 Bg6 6. Nf3 Nf6 7. h4 h6 8. Ne5 Bh7 9. Bd3 Bxd3 10. Qxd3 Nbd7
11. Qb3 Nxe5 12. dxe5 Qa5+ 13. Qc3 Qxc3+ 14. bxc3 Nd5 15. c4 Nb4 16. O-O Nxc2 17. Rb1 b6 18. c5 b5 19. Rd1 Rd8 20. Rd2 Rxd2
21. Bxd2 e6 22. Ne4 Na3 23. Rb3 Nc4 24. Bf4 Be7 25. Rd3 Bxh4 26. g3 Be7 27. Nd6+ Bxd6 28. exd6 Kd7 29. Rd4 e5 30. Bc1 exd4
0-1

[Event "Christmas special"]
[Site "SchemingMind.com"]
[Date "2018.01.15"]
[Round "-"]
[White "Wojtek26"]
[Black "JimM"]
[Result "0-1"]
[WhiteCountry "POL"]
[BlackCountry "USA"]
[WhiteElo "1457"]
[WhiteRD "52"]
[BlackElo "1644"]
[BlackRD "90"]
[GameID "423331"]

1. d4 Nf6 2. c4 g6 3. e3 c5 4. Nf3 Bg7 5. d5 O-O 6. Bd3 d6 7. O-O e5 8. dxe6 Bxe6 9. Ng5 Bg4 10. h3 Bxd1
0-1

[Event "Christmas special"]
[Site "SchemingMind.com"]
[Date "2018.01.19"]
[Round "-"]
[White "TheHornedReaper "]
[Black "JimM"]
[Result "0-1"]
[WhiteCountry "ROU"]
[BlackCountry "USA"]
[WhiteElo "1246"]
[WhiteRD "49"]
[BlackElo "1720"]
[BlackRD "85"]
[GameID "423332"]

1. e4 c5 2. Nf3 g6 3. d4 cxd4 4. Nxd4 Bg7 5. Nc3 Nf6 6. Be3 d6 7. Qd2 O-O 8. O-O-O Nc6 9. f3 d5 10. Nxc6 bxc6
11. exd5 Nxd5 12. Nxd5 cxd5 13. c3 e6 14. Bh6 Qa5 15. Bxg7 Kxg7 16. Qd4+ Kg8 17. Kb1 Rb8 18. Rd2 Rb6 19. Bd3 Bd7
0-1

[Event "Christmas special"]
[Site "SchemingMind.com"]
[Date "2018.01.15"]
[Round "-"]
[White "JimM"]
[Black "ray winteringham"]
[Result "1-0"]
[WhiteCountry "USA"]
[BlackCountry "ENG"]
[WhiteElo "1644"]
[WhiteRD "90"]
[BlackElo "1481"]
[BlackRD "50"]
[GameID "423333"]

1. d4 g6 2. e4 Bg7 3. Nc3 d6 4. f4 e6 5. Be3 Ne7 6. Nf3 f6 7. f5 exf5 8. exf5 Nxf5 9. Bf4 Ne7 10. Qe2 O-O
11. Qc4+ Kh8 12. O-O-O c6 13. h4 d5 14. Qe2 Nf5 15. g4 Re8 16. Qf2 Ne7 17. g5 Bg4 18. Bd3 Bf5 19. h5 Qc8 20. h6 Bf8
21. gxf6 Ng8 22. f7 Re7 23. Be5+ Rxe5 24. fxg8=Q+ Kxg8 25. Nxe5 Bxd3 26. Rxd3 Nd7 27. Qf7+ Kh8 28. Nxd7 Qd8 29. Rf3 Qg5+ 30. Kb1 Qg2
31. Qxf8+
1-0

[Event "Christmas special"]
[Site "SchemingMind.com"]
[Date "2018.01.14"]
[Round "-"]
[White "Chessibelle"]
[Black "JimM"]
[Result "0-1"]
[WhiteCountry "ENG"]
[BlackCountry "USA"]
[WhiteElo "1058"]
[WhiteRD "58"]
[BlackElo "1652"]
[BlackRD "85"]
[GameID "423334"]

1. e4 e5 2. Nf3 Nc6 3. a3 Nf6 4. d3 Bc5 5. h3 O-O 6. Be2 d6 7. O-O Nd4 8. Nxd4 Bxd4 9. c3 Bb6 10. d4 Nxe4
11. b4 f5 12. g3 Qf6 13. Bd3 Qg6 14. Nd2 exd4 15. c4 c5 16. Bc2 Nxg3 17. Re1 Ne4+ 18. Kf1 Qh6 19. Qf3 Nxd2+ 20. Bxd2 Qxd2
21. Bb3 Qh6 22. Ke2 Bd7 23. Rh1 Be8 24. Qxb7 Bh5+ 25. Kf1 Qd2 26. Qd5+ Kh8 27. Re1 Rae8 28. Rxe8 Rxe8 29. Kg2 Bg6 30. Qc6 f4
31. Qxd6 Be4+
0-1

[Event "Christmas special"]
[Site "SchemingMind.com"]
[Date "2018.01.14"]
[Round "-"]
[White "Stephen Woodhouse"]
[Black "JimM"]
[Result "1-0"]
[WhiteCountry "ENG"]
[BlackCountry "USA"]
[WhiteElo "1830"]
[WhiteRD "66"]
[BlackElo "1652"]
[BlackRD "85"]
[GameID "423335"]

1. e4 c5 2. c3 d5 3. exd5 Qxd5 4. d4 g6 5. Be3 cxd4 6. Bxd4 e5 7. Qe2 Bg7 8. f4 Nc6 9. fxe5 Nxd4 10. cxd4 Qxd4
11. Nf3 Qc5 12. Nc3 Ne7 13. Qb5+ Qc6 14. Bd3 Bd7 15. O-O O-O 16. Rac1 Qxb5 17. Bxb5 Bf5 18. Nd4 Bxe5 19. Nxf5 Nxf5 20. b3 Bd4+
21. Kh1 a6 22. Bd3 Ne7 23. Ne4 f5 24. Ng5 Rfe8 25. Bc4+ Kh8 26. Ne6 Rac8 27. Nxd4 b5 28. Be2 Rcd8 29. Rfd1 Kg8 30. Kg1 Kf7
31. Kf2 Rd6 32. Nf3 Rb6 33. Rc7 h6 34. Rdd7 Re6 35. Nd4 Re4 36. Bf3 Re5 37. Nc6 Re6 38. Bd5
1-0

[Event "Christmas special"]
[Site "SchemingMind.com"]
[Date "2018.01.15"]
[Round "-"]
[White "JimM"]
[Black "Keithk"]
[Result "0-1"]
[WhiteCountry "USA"]
[BlackCountry "ENG"]
[WhiteElo "1652"]
[WhiteRD "85"]
[BlackElo "2231"]
[BlackRD "82"]
[GameID "423336"]

1. e4 e5 2. Nf3 Nc6 3. Bb5 a6 4. Ba4 Nf6 5. O-O Be7 6. Re1 b5 7. Bb3 d6 8. c3 O-O 9. h3 Na5 10. Bc2 c5
11. d4 exd4 12. cxd4 Bb7 13. Nc3 Re8 14. a3 Rc8 15. d5 Nd7 16. Bf4 Nc4 17. Qc1 Bf6 18. Bb1 Rc7 19. b3 Nce5 20. Qe3 Nxf3+
21. Qxf3 b4 22. Ra2 Bxc3 23. Re3 Ne5 24. Qg3 Bd4 25. Ree2 a5 26. Bh6 Qf6 27. Be3 a4 28. axb4 axb3 29. Ra4 Bxe3 30. Qxe3 c4
31. b5 c3 32. b6 c2 33. Bxc2 Rxc2 34. Rb4 Nc4 35. Qd3 Qa1+ 36. Kh2 Qf1
0-1

[Event "Christmas special"]
[Site "SchemingMind.com"]
[Date "2018.01.18"]
[Round "-"]
[White "Mitch The Man"]
[Black "The Stonewall"]
[Result "0-1"]
[WhiteCountry "USA"]
[BlackCountry "ENG"]
[WhiteElo "1294"]
[WhiteRD "60"]
[BlackElo "2365"]
[BlackRD "91"]
[GameID "423341"]

1. e4 g6 2. e5 Bg7 3. d4 c5 4. c3 cxd4 5. cxd4 d6 6. Bf4 dxe5 7. dxe5 Qxd1+ 8. Kxd1 Nh6 9. Bb5+ Bd7 10. Bxd7+ Nxd7
11. f3 Nxe5 12. Ne2 Nf5 13. Nd2 Nd3 14. Rf1 Nxb2+ 15. Kc2 Rc8+ 16. Kb3 Nd3 17. Rab1 Nxf4 18. Nxf4 Nd4+ 19. Kb4 Bh6 20. g3 e5
21. Ne4 Rc2 22. Nf6+ Kd8 23. N4d5 Bf8+
0-1

[Event "Christmas special"]
[Site "SchemingMind.com"]
[Date "2018.01.18"]
[Round "-"]
[White "Kenny Elliott"]
[Black "The Stonewall"]
[Result "0-1"]
[WhiteCountry "USA"]
[BlackCountry "ENG"]
[WhiteElo "1562"]
[WhiteRD "67"]
[BlackElo "2365"]
[BlackRD "91"]
[GameID "423342"]

1. d4 d5 2. Nf3 Nf6 3. e3 c5 4. c3 Qc7 5. Be2 Bg4 6. O-O e6 7. h3 Bh5 8. Ne5 Bxe2 9. Qxe2 Bd6 10. Qb5+ Nbd7
11. Nxd7 Nxd7 12. Qd3 Nf6 13. Nd2 Rc8 14. e4 cxd4 15. Qxd4 O-O 16. exd5 Bc5 17. Qh4 Nxd5 18. Ne4 Be7 19. Bg5 f6 20. Be3 Nxe3
21. fxe3 f5 22. Ng5 h6 23. Nxe6 Qd6 24. Qa4 Qxe6 25. Qxa7 Bc5 26. Qxb7 Rb8 27. Qc7 Bd6 28. Qc6 Bh2+
0-1

[Event "Christmas special"]
[Site "SchemingMind.com"]
[Date "2018.01.20"]
[Round "-"]
[White "The Stonewall"]
[Black "Phillip Beckett"]
[Result "1-0"]
[WhiteCountry "ENG"]
[BlackCountry "ENG"]
[WhiteElo "2365"]
[WhiteRD "91"]
[BlackElo "1564"]
[BlackRD "49"]
[GameID "423343"]

1. e4 e5 2. Nf3 Nc6 3. d4 exd4 4. Nxd4 Bc5 5. Nxc6 Qf6 6. Qf3 Qxf3 7. gxf3 dxc6 8. Be3 Bxe3 9. fxe3 Bd7 10. Nd2 O-O-O
11. Rd1 Ne7 12. Rg1 g6 13. Kf2 f5 14. exf5 Nxf5 15. e4 Nd6 16. Bd3 Nb5 17. f4 Be6 18. Nf3 Nd4 19. Ne5 Rhf8 20. Ke3 Nb5
21. h4 Nd6 22. h5 Bf7 23. Nxf7 Nxf7 24. hxg6 hxg6 25. Rxg6 Rg8 26. Rxg8 Rxg8 27. Bc4 Rd8 28. Be6+ Kb8 29. Rxd8+ Nxd8 30. Bg4 Nf7
31. e5 c5 32. e6 Nd6 33. e7 c6 34. f5 Kc7 35. f6
1-0

[Event "Christmas special"]
[Site "SchemingMind.com"]
[Date "2018.01.20"]
[Round "-"]
[White "Scooter"]
[Black "The Stonewall"]
[Result "0-1"]
[WhiteCountry "USA"]
[BlackCountry "ENG"]
[WhiteElo "1671"]
[WhiteRD "51"]
[BlackElo "2365"]
[BlackRD "91"]
[GameID "423344"]

1. d4 e6 2. Nf3 c5 3. c3 Nf6 4. Bg5 h6 5. Bxf6 Qxf6 6. e3 b6 7. Nbd2 Bb7 8. Bb5 Be7 9. O-O O-O 10. Ne5 d6
11. Ng4 Qg6 12. h3 f5 13. Nh2 Qxg2#
0-1

[Event "Christmas special"]
[Site "SchemingMind.com"]
[Date "2018.01.20"]
[Round "-"]
[White "The Stonewall"]
[Black "Wojtek26"]
[Result "1-0"]
[WhiteCountry "ENG"]
[BlackCountry "POL"]
[WhiteElo "2365"]
[WhiteRD "91"]
[BlackElo "1457"]
[BlackRD "52"]
[GameID "423345"]

1. e4 e5 2. Nf3 Nc6 3. d4 exd4 4. Nxd4 Nxd4 5. Qxd4 d6 6. Nc3 Nf6 7. Bg5 Be7 8. O-O-O Be6 9. f4 Bg4 10. Rd2 h6
11. Bh4 Nd7 12. Qxg7 Bxh4 13. Qxh8+ Ke7 14. Nd5+ Ke6 15. f5+ Bxf5 16. exf5+
1-0

[Event "Christmas special"]
[Site "SchemingMind.com"]
[Date "2018.01.20"]
[Round "-"]
[White "The Stonewall"]
[Black "TheHornedReaper "]
[Result "1-0"]
[WhiteCountry "ENG"]
[BlackCountry "ROU"]
[WhiteElo "2303"]
[WhiteRD "96"]
[BlackElo "1554"]
[BlackRD "82"]
[GameID "423346"]

1. c4 e5 2. g3 Nc6 3. Bg2 Nf6 4. Nc3 Bb4 5. Nd5 Nxd5 6. cxd5 Nb8 7. Nf3 d6 8. Qa4+ Bd7 9. Qxb4 Na6 10. Qxb7 Nc5
11. Qb4 O-O 12. d4 Rb8 13. Qc4 Bb5 14. Qc2 Nd7 15. dxe5 dxe5 16. O-O Rb7 17. Ng5 Nf6 18. d6 c6 19. Rd1 a5 20. a4 Ba6
21. Bxc6 Rb4 22. b3 h6 23. Nf3 e4 24. Ne5 Re8 25. Bxe8 Qxe8 26. d7 Nxd7 27. Nxd7 Kh8 28. Bxh6 gxh6 29. Qc3+
1-0

[Event "Christmas special"]
[Site "SchemingMind.com"]
[Date "2018.01.20"]
[Round "-"]
[White "The Stonewall"]
[Black "Black Knight"]
[Result "1-0"]
[WhiteCountry "ENG"]
[BlackCountry "USA"]
[WhiteElo "2365"]
[WhiteRD "91"]
[BlackElo "1304"]
[BlackRD "47"]
[GameID "423347"]

1. e4 e5 2. Nf3 Nc6 3. d4 f6 4. Bc4 d6 5. c3 Nge7 6. Qb3 d5 7. exd5 Na5 8. Qa4+ c6 9. dxc6 Naxc6 10. O-O Bd7
11. dxe5 Nxe5 12. Nxe5 Bxa4 13. Bf7#
1-0

[Event "Christmas special"]
[Site "SchemingMind.com"]
[Date "2018.01.18"]
[Round "-"]
[White "private napoleon"]
[Black "The Stonewall"]
[Result "0-1"]
[WhiteCountry "ENG"]
[BlackCountry "ENG"]
[WhiteElo "1805"]
[WhiteRD "85"]
[BlackElo "2290"]
[BlackRD "94"]
[GameID "423348"]

1. e4 e6 2. d4 d5 3. e5 c5 4. Qg4 Nc6 5. Nf3 Qa5+ 6. Bd2 Qb6 7. b3 Nxd4 8. Nxd4 cxd4 9. Bc1 Ne7 10. Bd3 Nc6
11. Qg3 Qc7 12. f4 Nb4 13. O-O Nxc2 14. Bb2 Nxa1 15. Bxa1 Qb6 16. Qf2 Bc5 17. Nd2 Bd7 18. Nf3 O-O 19. Bxd4 Rfc8 20. g3 h6
21. Kg2 Bb5 22. Rd1 Bxd4 23. Nxd4 Bxd3 24. Rxd3 Rc1 25. Qd2 Rac8 26. Kh3 Qa6 27. a4 Rh1 28. Nb5 Qb6 29. f5 exf5 30. Rxd5 g5
31. Rd6 g4+ 32. Kh4 Qe3 33. Rd8+ Kg7 34. e6 Rxh2+ 35. Qxh2 Qg5#
0-1

[Event "Christmas special"]
[Site "SchemingMind.com"]
[Date "2018.01.20"]
[Round "-"]
[White "The Stonewall"]
[Black "JimM"]
[Result "1-0"]
[WhiteCountry "ENG"]
[BlackCountry "USA"]
[WhiteElo "2290"]
[WhiteRD "94"]
[BlackElo "1652"]
[BlackRD "85"]
[GameID "423349"]

1. e4 c5 2. Ne2 Nf6 3. Nbc3 d6 4. g3 g6 5. Bg2 Nc6 6. O-O Bg7 7. d3 O-O 8. h3 Rb8 9. f4 Bd7 10. g4 e5
11. f5 Nd4 12. g5 Nh5 13. f6 Bh8 14. Nd5 Re8 15. Nxd4 cxd4 16. Bf3 Bxh3 17. Rf2 Nxf6 18. gxf6 Bxf6 19. Bg4 Bh4 20. Bxh3 Bxf2+
21. Kxf2 Qh4+ 22. Kg2 Kg7 23. Qf3 b5 24. Bd7 Red8 25. Bh6+ Qxh6 26. Qf6+ Kg8 27. Ne7+ Kf8 28. Nf5
1-0

[Event "Christmas special"]
[Site "SchemingMind.com"]
[Date "2018.01.18"]
[Round "-"]
[White "ray winteringham"]
[Black "The Stonewall"]
[Result "0-1"]
[WhiteCountry "ENG"]
[BlackCountry "ENG"]
[WhiteElo "1481"]
[WhiteRD "50"]
[BlackElo "2365"]
[BlackRD "91"]
[GameID "423350"]

1. b3 e5 2. Bb2 Nc6 3. e4 Nf6 4. f3 Bc5 5. d3 d5 6. Nd2 Be6 7. Qe2 Qe7 8. g4 Nd4 9. Qd1 Nxg4 10. c3 Qh4#
0-1